[Event "Asian Schools-ch 14th U15"]
[Site "Waskaduwa"]
[Date "2018.07.09"]
[Round "1.2"]
[White "Nethsara, WM Daham"]
[Black "Thilakarathne, GM Harshana"]
[Result "0-1"]
[WhiteElo "1571"]
[BlackElo "2188"]
[PlyCount "78"]
[EventDate "2018.07.09"]
[EventType "swiss"]
[EventRounds "9"]
[EventCountry "SRI"]
[SourceTitle "EXT 2024"]
[Source "ChessBase"]
[SourceDate "2023.10.10"]
[SourceVersion "1"]
[SourceVersionDate "2023.10.10"]
[SourceQuality "1"]

1. d4 Nf6 2. c4 e6 3. Nc3 Bb4 4. f3 c5 5. a3 Bxc3+ 6. bxc3 Qa5 7. Bd2 d6 8. e3 Nc6 9. Bd3 e5 10. e4 Qd8 11. d5 Ne7 12. Ne2 h6 13. 0-0 g5 14. Qa4+ Bd7 15. Qb3 Rb8 16. Rab1 Ng6 17. g3 Qe7 18. Qc2 Nh5 19. a4 Bh3 20. Rf2 Kd8 21. Qd1 Kc7 22. a5 Rbf8 23. Qb3 Bc8 24. Be3 Kd8 25. Qc2 Ng7 26. g4 h5 27. h3 hxg4 28. hxg4 Rh3 29. Kf1 Rfh8 30. Ng1 Rh1 31. Rd1 Nf4 32. Rdd2 R8h3 33. Bxf4 exf4 34. Qd1 Qe5 35. Rc2 Ne8 36. Rg2 Nf6 37. Ke2 Rg3 38. Rxg3 fxg3 39. Kf1 Nxg4 0-1